000 00660aas a2200193 4500
999 _c54484
_d54484
001 768714001
003 CO-MdFUSB
005 20170828114930.0
008 170828s2003 xxu||||| |||| 00| 0 eng d
022 _a0120-3649
040 _aCO-MdFUSB
_bspa
_cCO-MdFUSB
_dCO-MdFUSB
041 _aeng
100 1 _aShanks, Hershel
_eautor
245 1 0 _aThe "Theree shekels" and "widow's plea" ostraca :
_breal or fake?
_c/ Shanks, Hershel
300 _aVolumen 29. Número 3 (2003), páginas 40-44
_c: 28 cm.
546 _aTexto en inglés
773 0 _tBiblical Archaeology Review
_049395
_959457
_gVolumen 29. Número 3 (2003), páginas 40-44
_qPágina 40
942 _cANA